[Event "ICS rated blitz match"]
[Site "204.178.125.65"]
[Date "2000.09.22"]
[Round "?"]
[White "RebelTiger"]
[Black "Hossa"]
[Result "1-0"]
[WhiteElo "2784"]
[BlackElo "2603"]
[PlyCount "137"]
[EventDate "2000.??.??"]

1. e4 e5 2. f4 exf4 3. Nf3 g5 4. h4 g4 5. Ne5 Nf6 6. d4 d6 7. Nd3 Nxe4 8. Qe2
Qe7 9. Bxf4 Bf5 10. Nd2 Nxd2 11. Kxd2 Qxe2+ 12. Bxe2 Nc6 13. Rae1 O-O-O 14.
Rhf1 Nxd4 15. Bg5 Re8 16. c3 Rxe2+ 17. Rxe2 Nxe2 18. Rxf5 Ng3 19. Rxf7 Ne4+ 20.
Kd1 d5 21. Rf5 c6 22. Be3 a6 23. Bd4 Rg8 24. Rf7 h6 25. Be5 g3 26. Rc7+ Kd8 27.
Rxb7 Rg4 28. Rb8+ Ke7 29. Rc8 c5 30. Nf4 Kf7 31. Ke2 Be7 32. Kf3 Rxh4 33. Nxd5
Ng5+ 34. Kxg3 Ne4+ 35. Kf3 Nd2+ 36. Kf2 Bg5 37. Rc6 Ra4 38. a3 Nc4 39. Nb6 Nxb6
40. Rxb6 Ra5 41. Kf3 c4 42. Ke4 h5 43. g3 Bc1 44. Bf4 Bxf4 45. gxf4 Kg7 46. f5
h4 47. Rg6+ Kf8 48. Rh6 Rb5 49. Rxh4 Rxb2 50. Ke5 Rb5+ 51. Kf6 Rb6+ 52. Kg5 Rb3
53. Rxc4 Rxa3 54. Kf6 Ke8 55. Ke6 Kd8 56. f6 Ra2 57. Rd4+ Kc7 58. f7 Rf2 59.
Rd5 Rf3 60. Rf5 Re3+ 61. Kf6 Rxc3 62. f8=Q Rc6+ 63. Ke5 a5 64. Rf7+ Kb6 65. Kd5
Kb5 66. Rb7+ Ka4 67. Qf1 Rb6 68. Rxb6 Ka3 69. Qa1# {Hossa checkmated} 1-0

[Event "ICS Rated blitz match"]
[Site "204.178.125.65"]
[Date "2000.09.22"]
[Round "?"]
[White "Hossa"]
[Black "Valg"]
[Result "1-0"]
[WhiteElo "2595"]
[BlackElo "2554"]
[PlyCount "209"]
[EventDate "2000.??.??"]

1. e4 c5 2. Nf3 d6 3. d4 cxd4 4. Nxd4 Nf6 5. Nc3 g6 6. Be3 Bg7 7. f3 O-O 8. Qd2
Nc6 9. Bc4 Bd7 10. O-O-O Rc8 11. Bb3 Ne5 12. h4 Nc4 13. Bxc4 Rxc4 14. h5 Nxh5
15. g4 Nf6 16. Bh6 Nxe4 17. Qe3 Rxc3 18. bxc3 Nf6 19. Bxg7 Kxg7 20. Rh2 Rg8 21.
Ne2 Kh8 22. Rdh1 g5 23. c4 Bc6 24. Nd4 Bd7 25. Nb3 b6 26. Nd2 Bc6 27. Ne4 Bxe4
28. Qxe4 Rg7 29. Qb7 a5 30. Re1 e6 31. Reh1 Kg8 32. Kb1 Kh8 33. Rh6 e5 34. Qc6
Rg6 35. R6h2 Kg8 36. Rd2 Ne8 37. c3 Re6 38. Qe4 h6 39. Rdh2 Kg7 40. Qd5 Qc7 41.
Qd3 Rg6 42. Ka1 Nf6 43. Rb2 Qc6 44. Rg1 Nd7 45. Re1 Nc5 46. Qf1 Rf6 47. Rf2 Rf4
48. Re3 Na4 49. Re4 d5 50. cxd5 Qxc3+ 51. Kb1 Qc5 52. Rxf4 gxf4 53. Rc2 Nc3+
54. Ka1 Qd4 55. Qf2 Qxf2 56. Rxf2 Nxd5 57. Rb2 Kf6 58. a3 Ke6 59. Rh2 Kd6 60.
Rxh6+ Kc5 61. Rh8 Kd4 62. Re8 Nc3 63. Re7 Ke3 64. Rxe5+ Kxf3 65. Kb2 Na4+ 66.
Kc2 Kxg4 67. Re7 f5 68. Rg7+ Kf3 69. Rf7 Kg4 70. Rg7+ Kf3 71. Rf7 Ke3 72. Re7+
Kf2 73. Rf7 Ke3 74. Re7+ Kd4 75. Rd7+ Ke5 76. Re7+ Kd4 77. Rd7+ Ke5 78. Re7+
Kd6 79. Rb7 f3 80. Kd2 f4 81. Rb8 Ke5 82. Ke1 Nc5 83. Rxb6 Ke4 84. Rb5 Nd3+ 85.
Kf1 a4 86. Rb8 f2 87. Ra8 Ke3 88. Rxa4 Ne5 89. Rb4 f3 90. a4 Nd3 91. Rb3 Kd4
92. Rxd3+ Kxd3 93. a5 Ke4 94. a6 Kd5 95. a7 Kc6 96. a8=Q+ Kb5 97. Qd5+ Kb6 98.
Kxf2 Kc7 99. Kxf3 Kb6 100. Kf4 Ka6 101. Qb3 Ka5 102. Ke5 Ka6 103. Kd6 Ka5 104.
Kc7 Ka6 105. Qa4# {Valg checkmated} 1-0

[Event "ICS rated blitz match"]
[Site "204.178.125.65"]
[Date "2000.09.22"]
[Round "?"]
[White "Arquimedes"]
[Black "Hossa"]
[Result "0-1"]
[WhiteElo "1900"]
[BlackElo "2609"]
[PlyCount "25"]
[EventDate "2000.??.??"]

1. e4 e5 2. Nf3 Nc6 3. Bb5 a6 4. Ba4 Nf6 5. O-O Be7 6. Re1 b5 7. Bb3 d6 8. c3
O-O 9. h3 Bb7 10. Bc2 d5 11. exd5 Qxd5 12. d4 exd4 13. Nxd4 {Arquimedes resigns
} 0-1

[Event "ICS rated blitz match"]
[Site "204.178.125.65"]
[Date "2000.09.22"]
[Round "?"]
[White "Hossa"]
[Black "Colorado"]
[Result "1-0"]
[WhiteElo "2610"]
[BlackElo "2741"]
[PlyCount "213"]
[EventDate "2000.??.??"]

1. e4 e5 2. Nf3 Nc6 3. Bb5 a6 4. Bxc6 dxc6 5. O-O Qd6 6. d3 f6 7. Be3 Bg4 8.
Na3 O-O-O 9. Nc4 Qe6 10. Bd2 Kb8 11. b4 c5 12. Rb1 Qd7 13. bxc5 Bxc5 14. Be3
Be7 15. Na5 b6 16. Bxb6 cxb6 17. Rxb6+ Kc8 18. Rc6+ Qxc6 19. Nxc6 Rd6 20. Nb4
Kd8 21. Nd5 Ke8 22. c4 Rc6 23. Qa4 Bd7 24. Qb3 Bc5 25. Qb8+ Rc8 26. Qb7 a5 27.
Nc7+ Ke7 28. Na6 Nh6 29. Nxc5 Rxc5 30. Qb6 Rhc8 31. h3 Ba4 32. Rc1 Nf7 33. Kh2
R8c7 34. Kg3 Kf8 35. h4 Bd7 36. h5 R7c6 37. Qa7 Rc7 38. Qb8+ Rc8 39. Qb7 Be8
40. Qb6 R8c6 41. Qa7 Rc7 42. Qb8 Rc8 43. Qb2 Kg8 44. Qb6 R8c6 45. Qb8 Rc8 46.
Qb1 Nh6 47. Kh4 Bd7 48. Qb7 R8c7 49. Qb6 Ng4 50. Kg3 Kf7 51. a3 R7c6 52. Qa7
Rc7 53. Qa6 Nh6 54. Qb6 Bg4 55. Rh1 R7c6 56. Qb8 Rc8 57. Qd6 R8c6 58. Nxe5+
fxe5 59. Qb8 Rc7 60. f3 Bc8 61. f4 Ng4 62. fxe5 Nxe5 63. Qb1 Rd7 64. Rd1 Rd4
65. Kf4 Ng4 66. Qb6 Rcxc4 67. Qxa5 Bd7 68. Qb6 Nf6 69. Ke3 Ke7 70. Qb8 Be6 71.
Qh8 Kf7 72. h6 Ng4+ 73. Kd2 Nxh6 74. Rf1+ Bf5 75. exf5 Ng4 76. Qxh7 Ne5 77.
Qh5+ Kf8 78. Qh8+ Kf7 79. Qa8 Rxd3+ 80. Ke1 Rcc3 81. Qb7+ Kf6 82. a4 Rc1+ 83.
Kf2 Rc2+ 84. Kg1 Rdd2 85. Rf4 Nc6 86. Rg4 Ne7 87. Rxg7 Nxf5 88. Rf7+ Kg6 89.
Rf8 Nd6 90. Qe7 Rc1+ 91. Kh2 Rxg2+ 92. Kxg2 Rc2+ 93. Rf2 Rxf2+ 94. Kxf2 Nf5 95.
Qe6+ Kg5 96. Qxf5+ Kxf5 97. a5 Ke5 98. a6 Kd6 99. a7 Kc7 100. a8=Q Kd6 101. Ke3
Ke6 102. Qc6+ Ke5 103. Qd7 Kf6 104. Kf4 Kg6 105. Qe7 Kh6 106. Kf5 Kh5 107. Qh7#
{Colorado checkmated} 1-0

[Event "ICS rated blitz match"]
[Site "204.178.125.65"]
[Date "2000.09.22"]
[Round "?"]
[White "Colorado"]
[Black "Hossa"]
[Result "1-0"]
[WhiteElo "2719"]
[BlackElo "2632"]
[PlyCount "155"]
[EventDate "2000.??.??"]

1. e4 e5 2. Nf3 Nc6 3. Bc4 Bc5 4. b4 Bxb4 5. c3 Ba5 6. d4 d6 7. Qb3 Qd7 8. dxe5
dxe5 9. O-O Bb6 10. Rd1 Qe7 11. a4 Bc5 12. a5 Nf6 13. a6 bxa6 14. Bd5 Nxd5 15.
Qxd5 Bb7 16. Bg5 f6 17. Bd2 Nd8 18. Qc4 Ne6 19. Nh4 O-O 20. Nf5 Qf7 21. Na3 Bb6
22. Be3 Bxe3 23. fxe3 Rfe8 24. Rab1 Rab8 25. Rd2 Qf8 26. Rdb2 Qxa3 27. Rxb7
Rxb7 28. Rxb7 Qc1+ 29. Kf2 Qd2+ 30. Kf1 g6 31. Rb8 Qd1+ 32. Kf2 Qd2+ 33. Kf3
Qd7 34. Qd5 gxf5 35. Qxd7 Ng5+ 36. Ke2 Rxb8 37. exf5 Rb2+ 38. Kd3 e4+ 39. Kc4
Rxg2 40. Qc8+ Kg7 41. Qxc7+ Kh6 42. h4 Nf3 43. Qe7 Ne5+ 44. Kb3 Ng4 45. Qxe4
Rg1 46. Qd4 Kh5 47. Qxa7 h6 48. Qxa6 Re1 49. c4 Kxh4 50. c5 Rxe3+ 51. Ka2 Kg5
52. c6 Re7 53. Qb7 Re2+ 54. Kb3 Re3+ 55. Kc2 Re2+ 56. Kd3 Re8 57. c7 Kxf5 58.
c8=Q+ Rxc8 59. Qxc8+ Kf4 60. Qc1+ Kf5 61. Kd4 h5 62. Qc5+ Ne5 63. Qc8+ Kf4 64.
Qc1+ Kf5 65. Qf1+ Kg6 66. Ke4 h4 67. Qg2+ Kf7 68. Kf5 Nd7 69. Qe4 Nf8 70. Qxh4
Nd7 71. Qc4+ Ke7 72. Qc7 Ke8 73. Ke6 Nf8+ 74. Kd6 Ng6 75. Qg7 f5 76. Qxg6+ Kf8
77. Ke6 f4 78. Qf7# {Hossa checkmated} 1-0

[Event "ICS rated blitz match"]
[Site "204.178.125.65"]
[Date "2000.09.22"]
[Round "?"]
[White "Colorado"]
[Black "Hossa"]
[Result "1/2-1/2"]
[WhiteElo "2714"]
[BlackElo "2620"]
[PlyCount "170"]
[EventDate "2000.??.??"]

1. e4 e5 2. Nf3 Nc6 3. Bc4 Bc5 4. c3 Nf6 5. d3 d6 6. O-O O-O 7. Bb3 a6 8. Nbd2
Be6 9. Re1 Ng4 10. Re2 Qe7 11. h3 Nf6 12. Re1 Nd7 13. Bd5 Rac8 14. d4 Bb6 15.
Nc4 exd4 16. cxd4 Nf6 17. Bxc6 bxc6 18. d5 Bd7 19. e5 dxe5 20. d6 Qd8 21. Nfxe5
cxd6 22. Nxd7 Nxd7 23. Nxd6 Ra8 24. Qf3 Ne5 25. Rxe5 Qxd6 26. Bf4 Bd4 27. Re4
Qf6 28. Rd1 Bxb2 29. Rd6 Qf5 30. Rxc6 Qd5 31. Ra4 Qb5 32. Rac4 Qa5 33. a4 Qe1+
34. Kh2 Rfe8 35. Rc7 Bf6 36. R4c6 Red8 37. Rb6 Bd4 38. Bg3 Bf6 39. Qc6 Qf1 40.
h4 a5 41. Qe4 Qd1 42. Rd6 Qh5 43. Rdd7 Re8 44. Qc4 Rf8 45. Rc5 Qh6 46. Rcc7 Qh5
47. Rc5 Qh6 48. h5 Rad8 49. Rdd5 Rxd5 50. Rxd5 Bg5 51. Qe2 Bd8 52. Bd6 Qe6 53.
Qb5 Be7 54. Bxe7 Qxe7 55. Qxa5 Qe4 56. Kh3 f5 57. f3 Qe8 58. Rxf5 Rxf5 59. Qxf5
Qxa4 60. Qe6+ Kf8 61. Qd6+ Kf7 62. h6 gxh6 63. Qxh6 Qc2 64. Qf4+ Kg8 65. g4 Qc6
66. Kg3 Qc3 67. Qg5+ Kf7 68. Qf5+ Kg7 69. Qd7+ Kf6 70. Qd8+ Kf7 71. Qd5+ Kg7
72. Qd7+ Kf6 73. Qf5+ Kg7 74. Qg5+ Kf7 75. Qd5+ Kg7 76. Qb7+ Kf6 77. Qb6+ Kf7
78. Qd6 h6 79. Qd5+ Kg7 80. Kg2 Qc2+ 81. Kh3 Qc3 82. Qd7+ Kf6 83. Qd5 Kg7 84.
Qe4 Kf6 85. Qd5 Kg7 {Game drawn by repetition} 1/2-1/2

[Event "ICS rated blitz match"]
[Site "204.178.125.65"]
[Date "2000.09.22"]
[Round "?"]
[White "Hossa"]
[Black "kjhamster"]
[Result "1-0"]
[WhiteElo "2624"]
[BlackElo "2243"]
[PlyCount "37"]
[EventDate "2000.??.??"]

1. e4 e5 2. Nf3 d6 3. d4 exd4 4. Nxd4 Nf6 5. Nc3 Be7 6. Bc4 O-O 7. O-O a6 8.
Bf4 c5 9. Nf3 b5 10. Bd5 Ra7 11. a3 Nbd7 12. Qd3 Nb6 13. Ba2 c4 14. Qd4 Rd7 15.
Rfd1 Bb7 16. Be3 Nc8 17. h3 d5 18. e5 Ne4 19. Nxe4 {kjhamster resigns} 1-0

[Event "ICS rated blitz match"]
[Site "204.178.125.65"]
[Date "2000.09.22"]
[Round "?"]
[White "kjhamster"]
[Black "Hossa"]
[Result "0-1"]
[WhiteElo "2240"]
[BlackElo "2627"]
[PlyCount "102"]
[EventDate "2000.??.??"]

1. d4 d5 2. c4 e6 3. Nc3 Nf6 4. cxd5 exd5 5. Bg5 Be7 6. e3 O-O 7. Bd3 c6 8. Qc2
Nbd7 9. Nf3 Kh8 10. O-O h6 11. Bh4 Re8 12. Rab1 Kg8 13. b4 a6 14. Na4 Nf8 15.
Nc5 Bd6 16. a4 b6 17. Nb3 Bxb4 18. Qxc6 Bd7 19. Bxf6 Bxc6 20. Bxd8 Rexd8 21. a5
bxa5 22. Rfc1 Bb5 23. Bf5 g6 24. Bh3 Nd7 25. Bxd7 Rxd7 26. Nc5 Rc7 27. Ne5 Rac8
28. Ned3 Bxd3 29. Nxd3 Rxc1+ 30. Rxc1 Rxc1+ 31. Nxc1 a4 32. Kf1 a3 33. Ke2 Bd6
34. Na2 f5 35. h3 Kf7 36. Kd3 Ke6 37. Kc3 g5 38. Kb3 a5 39. Nc3 Bb4 40. Nb1 Be1
41. f3 a2 42. Kxa2 Bf2 43. e4 fxe4 44. fxe4 dxe4 45. Nc3 e3 46. Kb3 Be1 47. Ne2
Kd5 48. Ka4 Ke4 49. Kb5 Kd3 50. d5 Kxe2 51. d6 Bc3 {kjhamster resigns} 0-1

[Event "ICS rated blitz match"]
[Site "204.178.125.65"]
[Date "2000.09.22"]
[Round "?"]
[White "Hossa"]
[Black "PostModernist"]
[Result "1-0"]
[WhiteElo "2630"]
[BlackElo "2647"]
[PlyCount "75"]
[EventDate "2000.??.??"]

1. e4 g6 2. d4 Bg7 3. Nc3 e6 4. h4 Nc6 5. Nf3 d5 6. e5 f6 7. Bf4 fxe5 8. dxe5
Nh6 9. h5 gxh5 10. Rxh5 Nf5 11. Bd3 Nce7 12. g4 Ng6 13. Bg5 Nfe7 14. Bf6 Bxf6
15. exf6 Nf4 16. Rxh7 Rxh7 17. Bxh7 Nc6 18. g5 e5 19. Ne2 Ng2+ 20. Kf1 Bh3 21.
Bg6+ Kf8 22. Kg1 e4 23. Nfd4 Nh4 24. Bh5 Qd6 25. Nxc6 bxc6 26. Qd4 Bf5 27. Qc3
c5 28. Qg3 Qxg3+ 29. Nxg3 Rb8 30. Nxf5 Nxf5 31. b3 c6 32. g6 a6 33. Kh2 d4 34.
Rg1 Nd6 35. Bg4 Re8 36. Rh1 Re5 37. Kg3 Kg8 38. Kf4 {PostModernist resigns} 1-0

[Event "ICS rated blitz match"]
[Site "204.178.125.65"]
[Date "2000.09.22"]
[Round "?"]
[White "PostModernist"]
[Black "Hossa"]
[Result "1/2-1/2"]
[WhiteElo "2630"]
[BlackElo "2647"]
[PlyCount "122"]
[EventDate "2000.??.??"]

1. e4 c5 2. c3 Nf6 3. e5 Nd5 4. d4 cxd4 5. Nf3 Nc6 6. cxd4 d6 7. Bc4 e6 8. O-O
Be7 9. Qe2 O-O 10. Nc3 dxe5 11. dxe5 Nxc3 12. bxc3 Qc7 13. Bd3 f5 14. Bf4 Rd8
15. Rfd1 Na5 16. Rac1 a6 17. Bg5 Bxg5 18. Nxg5 b5 19. c4 Qe7 20. Nf3 Nxc4 21.
Bxc4 bxc4 22. Rxd8+ Qxd8 23. Qxc4 Bd7 24. Rd1 Qc8 25. Qxc8+ Rxc8 26. h4 Bb5 27.
Rd6 Bc4 28. a3 Rc5 29. Ng5 g6 30. Rd8+ Kg7 31. Rd7+ Kg8 32. Nxh7 Rxe5 33. Rc7
Re1+ 34. Kh2 Bb5 35. Ng5 Re5 36. Ra7 Re2 37. f4 Bc6 38. Rxa6 Bd5 39. a4 Rxg2+
40. Kh3 Rg4 41. Nxe6 Bg2+ 42. Kh2 Bd5 43. Ng5 Rxh4+ 44. Kg3 Rg4+ 45. Kh3 Rxf4
46. Rxg6+ Kh8 47. a5 Ra4 48. a6 Bc4 49. Kg3 Bxa6 50. Ne6 Be2 51. Rg5 Ra3+ 52.
Kf4 Rf3+ 53. Ke5 Bd3 54. Ng7 Re3+ 55. Kf4 Re4+ 56. Kxf5 Rc4+ 57. Kf6 Rc6+ 58.
Ne6 Rxe6+ 59. Kxe6 Be2 60. Rf5 Bg4 61. Ke7 Bxf5 {
Game drawn because neither player has mating material} 1/2-1/2

[Event "ICS rated blitz match"]
[Site "204.178.125.65"]
[Date "2000.09.22"]
[Round "?"]
[White "Hossa"]
[Black "kako"]
[Result "1-0"]
[WhiteElo "2646"]
[BlackElo "2229"]
[PlyCount "33"]
[EventDate "2000.??.??"]

1. e4 e6 2. d4 d5 3. Nc3 Nc6 4. Nf3 Nf6 5. exd5 exd5 6. Bb5 Bd7 7. Bg5 a6 8.
Ba4 Bb4 9. O-O Bxc3 10. bxc3 h6 11. Re1+ Kf8 12. Bf4 b5 13. Bb3 Bg4 14. Qd3
Bxf3 15. Qxf3 Na5 16. a3 Ne4 17. Bxd5 {kako resigns} 1-0

[Event "ICS rated blitz match"]
[Site "204.178.125.65"]
[Date "2000.09.22"]
[Round "?"]
[White "Colorado"]
[Black "Hossa"]
[Result "1/2-1/2"]
[WhiteElo "2724"]
[BlackElo "2636"]
[PlyCount "170"]
[EventDate "2000.??.??"]

1. e4 e5 2. Nf3 Nc6 3. Bb5 a6 4. Ba4 Nf6 5. O-O Be7 6. Re1 b5 7. Bb3 d6 8. c3
O-O 9. h3 Bb7 10. d4 Re8 11. Nbd2 Bf8 12. a4 h6 13. Bc2 exd4 14. cxd4 Nb4 15.
Bb1 c5 16. d5 Nd7 17. Ra3 f5 18. exf5 Nf6 19. Ne4 Bxd5 20. Nxf6+ Qxf6 21. Bd2
Qxb2 22. Bxb4 Bxf3 23. Rxf3 Qxb4 24. Rfe3 Rxe3 25. Rxe3 Qd4 26. Qxd4 cxd4 27.
Rd3 Kf7 28. Rxd4 bxa4 29. Rxa4 a5 30. Be4 Ra7 31. g4 Be7 32. Kg2 Bf6 33. Bd5+
Ke7 34. f4 Kd8 35. Kf3 Kc7 36. Ke4 Kb6 37. Bc4 Kc5 38. Be6 Kb5 39. Ra2 Kb4 40.
Rg2 a4 41. g5 hxg5 42. fxg5 Be7 43. Rg4 Kc5 44. f6 gxf6 45. g6 Bf8 46. Kd3 a3
47. Ba2 d5 48. Rf4 Re7 49. h4 Bh6 50. Rxf6 Re3+ 51. Kc2 d4 52. Rf5+ Kb4 53. Rh5
Rc3+ 54. Kd1 Be3 55. Rg5 Rc1+ 56. Ke2 Rc2+ 57. Kf3 Rxa2 58. g7 Rf2+ 59. Kg3 a2
60. Ra5 Kxa5 61. g8=Q Kb4 62. Qb8+ Kc3 63. Qc7+ Kd2 64. Qa5+ Kc1 65. Qe1+ Kc2
66. Qa5 Kb1 67. Qe1+ Bc1 68. Qe4+ Rc2 69. Qb7+ Ka1 70. Kg4 d3 71. Qb3 Rg2+ 72.
Kf3 Re2 73. Qc3+ Kb1 74. Qxd3+ Rc2 75. Qb5+ Bb2 76. Qf1+ Rc1 77. Qd3+ Ka1 78.
Kg4 Bc3 79. h5 Bf6 80. h6 Kb2 81. Qb5+ Kc2 82. Qf5+ Kb3 83. Qb5+ Kc2 84. Qf5+
Kb3 85. Qb5+ Kc2 {Game drawn by repetition} 1/2-1/2

[Event "ICS rated blitz match"]
[Site "204.178.125.65"]
[Date "2000.09.22"]
[Round "?"]
[White "PostModernist"]
[Black "Hossa"]
[Result "1/2-1/2"]
[WhiteElo "2613"]
[BlackElo "2640"]
[PlyCount "162"]
[EventDate "2000.??.??"]

1. e4 e5 2. Bc4 Nf6 3. d3 Bc5 4. Nc3 Nc6 5. Nf3 O-O 6. O-O d6 7. h3 Na5 8. Bb3
Nxb3 9. axb3 c6 10. Na4 Bb4 11. Bd2 c5 12. Bg5 Kh8 13. Bxf6 gxf6 14. Nh4 Rg8
15. Qf3 Bd2 16. Nc3 Be6 17. Rfd1 Bf4 18. Ne2 Bg5 19. Nf5 Bxf5 20. Qxf5 a6 21.
Nc3 Qc8 22. Qf3 Qf8 23. Nd5 Rg6 24. Ra3 Re8 25. Qf5 Rd8 26. Rda1 Qg7 27. Ne7
Qf8 28. Nxg6+ fxg6 29. Qe6 f5 30. Ra4 fxe4 31. dxe4 Bh4 32. f3 Bg5 33. Rd1 Be3+
34. Kh1 Bd4 35. c3 Be3 36. Ra5 Bf2 37. Rd3 Bh4 38. Qd5 Qe7 39. Ra4 Bf2 40. Rd2
Be1 41. Rd1 Bg3 42. b4 Qd7 43. b3 cxb4 44. Rxb4 b5 45. c4 Rb8 46. c5 Bf2 47.
cxd6 Bg3 48. Ra1 Rc8 49. Qd3 Rc6 50. Rd1 Bf4 51. Qd5 Rc8 52. h4 Qd8 53. Qe6
Qxh4+ 54. Qh3 Qd8 55. g3 Bg5 56. Qe6 Rc5 57. Rd5 Rc1+ 58. Kg2 Rc2+ 59. Kf1 Rc1+
60. Ke2 Rc2+ 61. Ke1 Ra2 62. d7 Kg7 63. Kf1 Bf6 64. Rd6 Be7 65. Qxe7+ Qxe7 66.
d8=Q Qxd8 67. Rxd8 Kf6 68. Rf8+ Ke6 69. Ra8 Ra5 70. Ke2 Kd6 71. Kd3 Kc5 72. Kc3
Ra1 73. Rc8+ Kb6 74. Rb8+ Kc5 75. Re8 Rc1+ 76. Kb2 Rf1 77. Ka3 Ra1+ 78. Kb2 Rf1
79. Ka3 Ra1+ 80. Kb2 Rf1 81. Ka3 Ra1+ {Game drawn by repetition} 1/2-1/2

[Event "ICS rated blitz match"]
[Site "204.178.125.65"]
[Date "2000.09.22"]
[Round "?"]
[White "Hossa"]
[Black "PostModernist"]
[Result "1-0"]
[WhiteElo "2639"]
[BlackElo "2595"]
[PlyCount "69"]
[EventDate "2000.??.??"]

1. e4 e6 2. d4 d5 3. Nc3 Bb4 4. e5 Ne7 5. a3 Bxc3+ 6. bxc3 b6 7. Nf3 Qd7 8. Be2
O-O 9. O-O Ba6 10. Bxa6 Nxa6 11. Qe2 Nb8 12. Bg5 Nf5 13. Nh4 Nxh4 14. Bxh4 Qc6
15. Qd2 Qc4 16. Be7 Re8 17. Bg5 b5 18. f4 h6 19. Bh4 Nd7 20. Rab1 Nb6 21. f5
exf5 22. Rxf5 Na4 23. Rf3 c5 24. Rbf1 Rac8 25. Rg3 Re6 26. Bf6 Rxf6 27. Rxf6
Kf8 28. Rxh6 Nb6 29. Rh8+ Ke7 30. Qg5+ Ke6 31. Qg4+ Ke7 32. Rxc8 Nxc8 33. Qxc8
cxd4 34. Qb7+ Kf8 35. Rh3 {PostModernist resigns} 1-0

[Event "ICS rated standard match"]
[Site "204.178.125.65"]
[Date "2000.09.22"]
[Round "?"]
[White "evbad"]
[Black "Hossa"]
[Result "1/2-1/2"]
[WhiteElo "2365"]
[BlackElo "2352"]
[PlyCount "115"]
[EventDate "2000.??.??"]

1. d4 d5 2. Nc3 Nf6 3. Bf4 c5 4. e3 cxd4 5. exd4 a6 6. Bd3 Nc6 7. Nce2 Nb4 8.
c3 Nxd3+ 9. Qxd3 g6 10. Ng3 Bg7 11. Nf3 Bd7 12. a4 O-O 13. O-O b5 14. Ne5 bxa4
15. Nxd7 Qxd7 16. Qc2 a3 17. Rxa3 Qb5 18. Rfa1 Ra7 19. Ra5 Qb6 20. Qe2 Rfa8 21.
b4 e6 22. h3 Nd7 23. Nf1 Qc6 24. R1a3 Qc8 25. Bd6 Qb7 26. Bc5 Nxc5 27. bxc5 Qc8
28. Nd2 Bh6 29. Nf3 Qb7 30. g3 Bg7 31. Kg2 Qc6 32. Ne1 Bf6 33. Nd3 Qb7 34. h4
Bd8 35. R5a4 a5 36. Ra2 Bf6 37. Qb2 Qc8 38. Qc2 Qc6 39. Qe2 Qb5 40. Qc2 Rb7 41.
Nf4 Bd8 42. Nd3 Rbb8 43. Ne5 Bc7 44. Nd3 f6 45. f4 Ra6 46. Kf3 Qd7 47. Kg2 Ra7
48. Qe2 Rb3 49. Qc2 Rbb7 50. R4a3 Ra8 51. Qe2 Qf7 52. Nb4 Qe8 53. Nd3 Ra6 54.
Ne5 Rba7 55. Nd3 Ra8 56. Ra4 Rb8 57. Nb4 Ra7 58. Nd3 {
Game drawn by mutual agreement} 1/2-1/2

[Event "ICS rated blitz match"]
[Site "204.178.125.65"]
[Date "2000.09.22"]
[Round "?"]
[White "Hossa"]
[Black "RebelTiger"]
[Result "0-1"]
[WhiteElo "2653"]
[BlackElo "2792"]
[PlyCount "100"]
[EventDate "2000.??.??"]

1. e4 e5 2. Nf3 Nc6 3. Bb5 f5 4. d3 fxe4 5. dxe4 Nf6 6. Bg5 Bc5 7. O-O d6 8.
Bc4 Bg4 9. h3 Bh5 10. Nc3 h6 11. Bxf6 Qxf6 12. Nd5 Qd8 13. c3 Na5 14. Be2 c6
15. b4 cxd5 16. Qxd5 Bf7 17. Bb5+ Ke7 18. Qd1 Rc8 19. bxc5 Rxc5 20. Bd3 Rxc3
21. Qd2 Rc5 22. Rfc1 Nc6 23. Rcb1 Qc7 24. Bb5 Bg6 25. Qd3 Rf8 26. Nh4 Bh7 27.
Bxc6 Qxc6 28. f3 b6 29. Re1 Rc3 30. Qd2 Rc2 31. Qd3 Qc5+ 32. Re3 d5 33. Qa3
dxe4 34. Qxa7+ Kf6 35. Qa3 g5 36. Qxc5 bxc5 37. fxe4 gxh4 38. Rf1+ Ke7 39. Rb1
Rd2 40. Rb7+ Rd7 41. Rb5 Rd1+ 42. Kh2 Rff1 43. Rb7+ Kd8 44. Rd3+ Rxd3 45. Rxh7
Rdd1 46. Rh8+ Ke7 47. Rh7+ Kf8 48. Rh8+ Kg7 49. Rg8+ Kxg8 50. a4 Rh1# {
Hossa checkmated} 0-1

[Event "ICS rated blitz match"]
[Site "204.178.125.65"]
[Date "2000.09.22"]
[Round "?"]
[White "PostModernist"]
[Black "Hossa"]
[Result "1-0"]
[WhiteElo "2573"]
[BlackElo "2643"]
[PlyCount "97"]
[EventDate "2000.??.??"]

1. d4 d5 2. Nf3 Nc6 3. g3 Bf5 4. Bg2 e6 5. O-O Bd6 6. Be3 Nf6 7. Nh4 Bg4 8. Nc3
a6 9. a3 O-O 10. h3 Bh5 11. Re1 Na5 12. Bc1 Qe7 13. Qd3 Rfd8 14. e4 dxe4 15.
Nxe4 Nc6 16. Bg5 Be5 17. dxe5 Rxd3 18. exf6 Qf8 19. cxd3 h6 20. fxg7 Qxg7 21.
Bf6 Qh7 22. Bc3 Kf8 23. Nf6 Qxd3 24. Nxh5 Qb5 25. g4 Ne7 26. Bg7+ Ke8 27. Nf6+
Kd8 28. Rad1+ Kc8 29. Rd7 Nc6 30. Rxf7 Nd8 31. Rf8 Qd3 32. Bf3 Qd6 33. Rd1 Qxf8
34. Bxf8 Nf7 35. Rd7 Ne5 36. Re7 Nxf3+ 37. Nxf3 b5 38. Re8+ Kb7 39. Rxa8 Kxa8
40. Bxh6 b4 41. g5 bxa3 42. bxa3 Kb7 43. g6 Kc6 44. g7 Kb5 45. g8=Q c5 46. Qb8+
Ka4 47. Nd4 e5 48. Qb3+ Ka5 49. Bd2# {Hossa checkmated} 1-0

[Event "ICS rated blitz match"]
[Site "204.178.125.65"]
[Date "2000.09.22"]
[Round "?"]
[White "Hossa"]
[Black "PostModernist"]
[Result "1/2-1/2"]
[WhiteElo "2624"]
[BlackElo "2592"]
[PlyCount "68"]
[EventDate "2000.??.??"]

1. e4 e5 2. Nf3 Nf6 3. d4 c6 4. dxe5 Nxe4 5. Bd3 Nc5 6. Bg5 Qb6 7. b3 d5 8.
exd6 Qb4+ 9. c3 Nxd3+ 10. Qxd3 Qxd6 11. Qe3+ Qe6 12. O-O Qxe3 13. Bxe3 Be7 14.
Re1 Be6 15. Bg5 Nd7 16. Bxe7 Kxe7 17. Nbd2 Rad8 18. Rad1 Nc5 19. Nd4 Rhe8 20.
b4 Nd3 21. Re3 Nb2 22. Rb1 Na4 23. Nxe6 fxe6 24. Nc4 g5 25. Rbe1 Kf8 26. Ne5
Re7 27. Nf3 g4 28. Nd4 e5 29. Rxe5 Rxe5 30. Rxe5 Kf7 31. Rf5+ Ke7 32. Re5+ Kf7
33. Rf5+ Ke7 34. Re5+ Kf7 {Game drawn by repetition} 1/2-1/2

[Event "ICS rated standard match"]
[Site "204.178.125.65"]
[Date "2000.09.22"]
[Round "?"]
[White "Hossa"]
[Black "Bootemout"]
[Result "1-0"]
[WhiteElo "2353"]
[BlackElo "2061"]
[PlyCount "97"]
[EventDate "2000.??.??"]

1. e4 c6 2. d4 d6 3. Nf3 Bg4 4. Bf4 Nd7 5. Be2 Bxf3 6. Bxf3 e5 7. dxe5 dxe5 8.
Bg3 Ngf6 9. O-O Bc5 10. Nd2 O-O 11. Bh4 h6 12. Bg4 Qe7 13. Bxd7 Qxd7 14. Bxf6
gxf6 15. Qe2 Qe6 16. Qh5 Kh7 17. Nb3 Bb6 18. a4 a5 19. Rfd1 Rg8 20. Rd3 Rg5 21.
Qf3 f5 22. Rad1 fxe4 23. Qxe4+ Qf5 24. Qe2 Rag8 25. g3 e4 26. Rc3 h5 27. Nd2 e3
28. fxe3 Rxg3+ 29. hxg3 Rxg3+ 30. Kh1 Rh3+ 31. Kg2 Bc7 32. Nf1 Rh4 33. Rc4 Qh3+
34. Kg1 Qh1+ 35. Kf2 Rh3 36. Qd3+ Kh6 37. Qf5 Bg3+ 38. Ke2 Qg2+ 39. Kd3 Qd5+
40. Qxd5 cxd5 41. Rc5 d4 42. Kxd4 b6 43. Rc6+ Kg5 44. Rxb6 f6 45. Nxg3 Rxg3 46.
Rb5+ Kg4 47. Rxa5 h4 48. Rf1 h3 49. Rf4# {Bootemout checkmated} 1-0

[Event "ICS rated blitz match"]
[Site "204.178.125.65"]
[Date "2000.09.23"]
[Round "?"]
[White "PostModernist"]
[Black "Hossa"]
[Result "1-0"]
[WhiteElo "2593"]
[BlackElo "2623"]
[PlyCount "125"]
[EventDate "2000.??.??"]

1. d4 d5 2. Nf3 Nf6 3. e3 e6 4. Bd3 c5 5. O-O c4 6. Be2 Qc7 7. b3 c3 8. Qd3 Ne4
9. Na3 a6 10. Nb1 b6 11. g3 Bb7 12. Ne1 b5 13. f3 Nxg3 14. hxg3 Qxg3+ 15. Ng2
b4 16. f4 Bc6 17. Qd1 Nd7 18. a3 Nf6 19. axb4 Bxb4 20. Qd3 Bd7 21. Rxa6 Rxa6
22. Qxa6 O-O 23. Qb6 Be7 24. Nxc3 Rc8 25. Bb2 Bd8 26. Qb4 Ng4 27. Bxg4 Qxg4 28.
Ra1 h6 29. Qb7 Rc7 30. Qb8 Rc8 31. Qa7 Bc6 32. Ra6 Bb5 33. Ra2 Bc6 34. Qa6 Bd7
35. b4 Qh3 36. b5 Rc7 37. Qd6 Kh7 38. Ra8 Rb7 39. Qa6 Rb6 40. Rxd8 Rxa6 41.
bxa6 e5 42. fxe5 Qf5 43. a7 Bc6 44. a8=Q Bxa8 45. Rxa8 Qxc2 46. Rb8 g5 47. Nxd5
Qd1+ 48. Kh2 f5 49. Nf6+ Kg7 50. d5 h5 51. Rg8+ Kf7 52. e6+ Ke7 53. Rg7+ Kd6
54. Rd7+ Kc5 55. e7 Qe2 56. e8=Q Qa6 57. Rc7+ Kb4 58. Qb8+ Ka4 59. Rc3 Qd6+ 60.
Qxd6 g4 61. Qa3+ Kb5 62. Rb3+ Kc4 63. Qb4# {Hossa checkmated} 1-0

[Event "ICS rated blitz match"]
[Site "204.178.125.65"]
[Date "2000.09.23"]
[Round "?"]
[White "RebelTiger"]
[Black "Hossa"]
[Result "1-0"]
[WhiteElo "2802"]
[BlackElo "2606"]
[PlyCount "99"]
[EventDate "2000.??.??"]

1. e4 e5 2. Nf3 Nc6 3. Bb5 a6 4. Ba4 Nf6 5. d4 exd4 6. O-O Be7 7. e5 Ne4 8.
Nxd4 O-O 9. Nf5 d5 10. Bxc6 bxc6 11. Nxe7+ Qxe7 12. Re1 Re8 13. f3 Nd6 14. Bf4
Nf5 15. Qd2 Qc5+ 16. Kh1 Rb8 17. b3 Re6 18. c4 d4 19. Qd3 Re8 20. Nd2 Qb6 21.
c5 Qxc5 22. Rac1 Qd5 23. Rc4 Qd8 24. Rxc6 Rb6 25. Rc5 Rg6 26. Rec1 c6 27. Ne4
a5 28. Bd2 a4 29. bxa4 Qb6 30. a5 Qa7 31. Nf2 Bd7 32. g4 Nh4 33. Ne4 Rge6 34.
f4 f6 35. h3 fxe5 36. f5 R6e7 37. Bg5 Qc7 38. Bxh4 Rf7 39. Ng5 Rfe7 40. Qc4+
Kh8 41. Nf7+ Rxf7 42. Qxf7 Rg8 43. Rd5 Qb8 44. Rxd7 Qa8 45. f6 c5+ 46. Kg1 Qf8
47. fxg7+ Qxg7 48. Qxg7+ Rxg7 49. Rd8+ Rg8 50. Bf6# {Hossa checkmated} 1-0